[Event "EU-ch U14 Girls 26th"]
[Site "Prague"]
[Date "2016.08.26"]
[Round "8"]
[White "Lorencova, Michaela"]
[Black "Akulova, Alicia"]
[Result "0-1"]
[WhiteElo "1491"]
[BlackElo "1611"]
[PlyCount "92"]
[EventDate "2016.08.18"]
[EventType "swiss"]
[EventRounds "9"]
[EventCountry "CZE"]
[SourceTitle "CBM 174 Extra"]
[Source "ChessBase"]
[SourceDate "2016.10.10"]
[SourceVersion "1"]
[SourceVersionDate "2016.10.10"]
[SourceQuality "1"]

1. e4 c5 2. Nf3 e6 3. d4 cxd4 4. Nxd4 Nf6 5. Nc3 Nc6 6. Nxc6 bxc6 7. Bd3 d5 8. 0-0 Be7 9. Bf4 a6 10. Qf3 0-0 11. e5 Nd7 12. Qg3 Re8 13. Bh6 Bf8 14. Bg5 f6 15. exf6 Nxf6 16. Qh4 h6 17. Bxf6 Qxf6 18. Qxf6 gxf6 19. Rfe1 Kf7 20. Re3 Bd6 21. Rf3 e5 22. Re1 Bg4 23. Rg3 h5 24. Be2 Bxe2 25. Nxe2 e4 26. Rb3 c5 27. Rb7+ Kg6 28. Rd7 Rad8 29. Ra7 d4 30. Nc1 d3 31. cxd3 exd3 32. Rxe8 Rxe8 33. Nxd3 c4 34. Nf4+ Bxf4 35. g3 Be5 36. Rxa6 Bxb2 37. Rc6 c3 38. Kf1 Ra8 39. Ke2 Rxa2 40. h4 Ba3+ 41. Kd3 c2 42. Rxc2 Rxc2 43. Kxc2 Bc5 44. f3 Bf2 45. g4 hxg4 46. fxg4 Bxh4 0-1

[Event "EU-ch U14 Girls 26th"]
[Site "Prague"]
[Date "2016.08.25"]
[Round "7"]
[White "Plaza Reino, Leire"]
[Black "Lorencova, Michaela"]
[Result "0-1"]
[WhiteElo "1124"]
[BlackElo "1491"]
[PlyCount "64"]
[EventDate "2016.08.18"]
[EventType "swiss"]
[EventRounds "9"]
[EventCountry "CZE"]
[SourceTitle "CBM 174 Extra"]
[Source "ChessBase"]
[SourceDate "2016.10.10"]
[SourceVersion "1"]
[SourceVersionDate "2016.10.10"]
[SourceQuality "1"]

1. e4 e5 2. Nf3 Nf6 3. Nxe5 d6 4. Nf3 Nxe4 5. c4 Qe7 6. Be2 Be6 7. 0-0 Nc6 8. d4 d5 9. b3 0-0-0 10. c5 f5 11. Bf4 g5 12. Be5 Bg7 13. Bxg7 Qxg7 14. a3 h5 15. b4 g4 16. Nh4 Nxd4 17. b5 Nxe2+ 18. Qxe2 Qxa1 19. Ng6 Rh7 20. Nd2 Qxa3 21. Nxe4 dxe4 22. c6 b6 23. Nf4 Bg8 24. g3 Qb4 25. Rd1 Rxd1+ 26. Qxd1 Qxb5 27. Ne2 Qxc6 28. Nd4 Qd6 29. Qa4 a5 30. Nxf5 Qd7 31. Qxe4 Qd1+ 32. Kg2 Bd5 0-1

[Event "EU-ch U14 Girls 26th"]
[Site "Prague"]
[Date "2016.08.21"]
[Round "4"]
[White "Golsta, Madara"]
[Black "Lorencova, Michaela"]
[Result "1-0"]
[WhiteElo "1675"]
[BlackElo "1491"]
[PlyCount "41"]
[EventDate "2016.08.18"]
[EventType "swiss"]
[EventRounds "9"]
[EventCountry "CZE"]
[SourceTitle "CBM 174 Extra"]
[Source "ChessBase"]
[SourceDate "2016.10.10"]
[SourceVersion "1"]
[SourceVersionDate "2016.10.10"]
[SourceQuality "1"]

1. e4 e5 2. Nf3 Nf6 3. Nc3 Nc6 4. Bb5 Bb4 5. d3 d6 6. 0-0 0-0 7. Bg5 Bxc3 8. bxc3 Bg4 9. Re1 Re8 10. Rb1 Rb8 11. Bxc6 bxc6 12. Rxb8 Qxb8 13. Bxf6 gxf6 14. h3 Be6 15. Nh4 Kh8 16. Qf3 Qd8 17. Rb1 Bxa2 18. Rb8 Qe7 19. Rxe8+ Qxe8 20. Qxf6+ Kg8 21. Nf5 1-0

[Event "CZE-ch U12 Girls"]
[Site "Kouty nad Desnou"]
[Date "2014.03.13"]
[Round "7"]
[White "Urbanova, Daniela"]
[Black "Lorencova, Michaela"]
[Result "1-0"]
[WhiteElo "1239"]
[BlackElo "1256"]
[PlyCount "93"]
[EventDate "2014.03.08"]
[EventType "swiss"]
[EventRounds "9"]
[EventCountry "CZE"]
[SourceTitle "EXT 2015"]
[Source "ChessBase"]
[SourceDate "2014.11.20"]
[SourceVersion "1"]
[SourceVersionDate "2014.11.20"]
[SourceQuality "1"]

1. e4 e5 2. Nf3 Nf6 3. Nxe5 d6 4. Nf3 Nxe4 5. Qe2 Qe7 6. d3 Nf6 7. Bg5 Bg4 8. Bxf6 Bxf3 9. Qxe7+ Bxe7 10. Bxe7 Bxg2 11. Bxg2 c6 12. Bxd6 Nd7 13. Nc3 Nf6 14. 0-0-0 Rd8 15. Rhe1+ Kd7 16. Bf4 Kc8 17. Bh3+ Nd7 18. Bxd7+ Rxd7 19. Re4 Rhd8 20. Rde1 a6 21. Re8 g6 22. Rxd8+ Rxd8 23. Re7 Rd7 24. Rxd7 Kxd7 25. Kd2 Ke6 26. Ke3 f5 27. Kd4 h5 28. Na4 Kd7 29. Kc5 Kc8 30. c4 Kd7 31. d4 Kc8 32. d5 cxd5 33. Kxd5 Kd7 34. Nb6+ Ke7 35. b4 Kd8 36. a4 Ke7 37. b5 axb5 38. axb5 Kd8 39. c5 Ke7 40. c6 bxc6+ 41. bxc6 Kd8 42. c7+ Ke7 43. c8Q Kf7 44. Qe6+ Kg7 45. Nd7 Kh7 46. Qf7+ Kh8 47. Be5# 1-0

[Event "CZE-ch U12 Girls"]
[Site "Kouty nad Desnou"]
[Date "2014.03.11"]
[Round "5"]
[White "Richterova, Julie"]
[Black "Lorencova, Michaela"]
[Result "1-0"]
[WhiteElo "1506"]
[BlackElo "1256"]
[PlyCount "91"]
[EventDate "2014.03.08"]
[EventType "swiss"]
[EventRounds "9"]
[EventCountry "CZE"]
[SourceTitle "EXT 2015"]
[Source "ChessBase"]
[SourceDate "2014.11.20"]
[SourceVersion "1"]
[SourceVersionDate "2014.11.20"]
[SourceQuality "1"]

1. d4 d5 2. c4 c6 3. Nc3 Nf6 4. Nf3 Bg4 5. Bg5 e6 6. cxd5 exd5 7. e3 Be7 8. h3 Bh5 9. Be2 h6 10. Bh4 Nbd7 11. 0-0 0-0 12. Rb1 Rc8 13. b4 a6 14. a4 b5 15. axb5 axb5 16. Qc2 Bxf3 17. Bxf3 Qc7 18. Bg3 Bd6 19. Bxd6 Qxd6 20. Rfc1 Nb6 21. Be2 Qe6 22. Bd3 Qe7 23. Bf5 Rce8 24. Ne2 Nc4 25. Rb3 Ne4 26. Bxe4 Qxe4 27. Qxe4 Rxe4 28. Ra1 Ree8 29. Ra6 Rc8 30. Nf4 Rfe8 31. Nd3 Re6 32. Nc5 Rg6 33. Rb1 Rd6 34. Rba1 Rdd8 35. Ra7 Kf8 36. Rb7 Ke8 37. Raa7 Nd6 38. Re7+ Kf8 39. Rec7 Ne8 40. Rxf7+ Kg8 41. Ne6 Rd6 42. Rf8+ Kh7 43. Re7 Rb8 44. Rexe8 Rxe8 45. Rxe8 Rd7 46. Nf8+ 1-0